000 00458nas a22001577a 4500
999 _c523472
_d523472
005 20190323112735.0
008 190322b ||||| |||| 00| 0 eng d
022 _a2074-1693
040 _cNUST
082 _a332
110 _aInstitute of Management Sciences (IMSCIENCES)
_913914
245 _aBusiness & Economic Review /
260 _aPeshawar Pakistan
_bInstitute of Management Sciences (IMSCIENCES)
_c2009
300 _abounded
942 _cCR
_2ddc
_s1